00366 2200145 4500245004800000250001100048100002800059650001700087650001600104005001900120260001800139041001400157084001400171336003500185 aAutobiograficRizky Meka Dwi RamadhanhText aCet. 1 aRizky Meka Dwi Ramadhan aAutobiografi aKarya Siswa a20250522110010 aJakartac2025 aIndonesia a081 RIZ a atactile three-dimensional form